| 000 | 00836nam a22002177a 4500 | ||
|---|---|---|---|
| 999 |
_c17635 _d17635 |
||
| 003 | AR-CdUCM | ||
| 008 | 190504b ||||| |||| 00| 0 spa d | ||
| 040 |
_aMUNICIPALIDAD PROVINCIAL DEL CUSCO _cBIBLIOTECA MUNICIPAL DEL CUSCO |
||
| 082 |
_a331.09 / _bA34 |
||
| 100 |
_aAlva, Victor _936277 |
||
| 245 |
_aManuales de educación cívica : _bPublicación mensual / |
||
| 260 |
_aMexico : _bCentro de estudios y documentación sociales, _c1964. |
||
| 300 |
_a132 páginas ; _c19 cm. |
||
| 500 | _aEducación civica | ||
| 505 | _aContenido: El movimiento obrero mundial -- Consejos para el uso de este manual -- Las ideologías de la clase obrera -- La fundación del movimiento sindical ... | ||
| 650 |
_aEducación _9460 |
||
| 650 |
_aCivica _936278 |
||
| 650 |
_aLiteratura _983 |
||
| 942 |
_2ddc _cLIBROS |
||
| 945 |
_arah _d09/05/2019 |
||